[Event "Regionalliga SO 9596"]
[Site "Bayern"]
[Date "1996.01.14"]
[Round "4"]
[White "Moldawskij, Alexander"]
[Black "Gschwendtner, Stanislav"]
[Result "1-0"]
[WhiteElo "2005"]
[BlackElo "2015"]
[PlyCount "73"]
[EventDate "1995.10.15"]
[EventType "team-tourn"]
[EventRounds "9"]
[EventCountry "GER"]
[SourceTitle "EXT 1999"]
[Source "ChessBase"]
[SourceDate "1998.11.16"]
[SourceVersion "1"]
[SourceVersionDate "1998.11.16"]
[SourceQuality "1"]
[WhiteTeam "Straubing PSV"]
[BlackTeam "Deggendorf"]
[WhiteTeamCountry "GER"]
[BlackTeamCountry "GER"]

1. c4 c5 2. Nc3 Nc6 3. g3 g6 4. Bg2 Bg7 5. Nf3 d6 6. 0-0 e5 7. d3 Nge7 8. e4 0-0 9. Nd5 Rb8 10. a4 a6 11. Bd2 b5 12. cxb5 axb5 13. Nxe7+ Qxe7 14. axb5 Rxb5 15. Bc3 Bg4 16. h3 Bxf3 17. Bxf3 Nd4 18. Bg2 Rfb8 19. Ra6 Rb3 20. Qd2 Nb5 21. Rfa1 Qf8 22. R6a2 h5 23. Qc2 Nd4 24. Qd1 Qd8 25. Ra6 h4 26. gxh4 Qxh4 27. Rxd6 Rxb2 28. Bxb2 Rxb2 29. Qf1 Bh6 30. Rda6 Ne2+ 31. Kh1 Bf4 32. R6a2 Ng3+ 33. fxg3 Qxg3 34. Qg1 Rxa2 35. Rxa2 Be3 36. Qf1 Bf4 37. Bf3 1-0